Score 0/45 Timer 07:00
0 Plays Today
% Correct
Planet
95.9%
The Silence
95.4%
Raiders
95.1%
Clash
92.6%
The Last
92.5%
The Passion
91.7%
Close Encounters
91.3%
George
89.9%
Lord
89.5%
War
89.4%
Employee
89.1%
Shaun
87.9%
Dawn
87.3%
Eternal Sunshine
86.2%
Father
85.9%
The Sisterhood
85.7%
Enemy
84.3%
Night
83.7%
Attack
83.3%
Revenge
83.1%
Invasion
83%
In the Name
81.3%
The Hound
81.1%
% Correct
Rookie
81%
The Jewel
78.8%
Divine Secrets
77.3%
Wallace and Grommit: The Curse
77.2%
Legends
71.8%
Empire
71.2%
History
68.8%
The Pride
65.7%
The Treasure
65.4%
Song
65.2%
Kiss
64.7%
Underworld: Rise
62.4%
Valley
61.8%
The Bonfire
61.1%
Elvira: Mistress
60.5%
The Remains
60.5%
Beasts
57.1%
Rise
52.6%
Season
52%
The Clan
49.8%
Kiss
42.1%
The Night
32.5%
Remove Ads.
Support Sporcle.
Get the best of Sporcle when you Go Orange. This ad-free experience offers more features, more stats, and more fun while also helping to support Sporcle. Thank you for becoming a member.

You're not logged in!

Compare scores with friends on all Sporcle quizzes.
OR
Log In

Show Comments

Extras

Top Quizzes Today


Score Distribution

Your Account Isn't Verified!

In order to create a playlist on Sporcle, you need to verify the email address you used during registration. Go to your Sporcle Settings to finish the process.

Report this User

Report this user for behavior that violates our Community Guidelines.

Details: